[Event "Ricany op"]
[Site "Ricany"]
[Date "2023.08.27"]
[Round "3"]
[White "Svetly, Jiri"]
[Black "Mydlar, Matej"]
[Result "0-1"]
[WhiteElo "1850"]
[BlackElo "1668"]
[PlyCount "60"]
[EventDate "2023.08.26"]
[EventType "swiss"]
[EventRounds "9"]
[EventCountry "CZE"]
[SourceTitle "EXT 2024"]
[Source "ChessBase"]
[SourceDate "2023.10.10"]
[SourceVersion "1"]
[SourceVersionDate "2023.10.10"]
[SourceQuality "1"]

1. d4 Nf6 2. c4 e6 3. Nc3 Bb4 4. Qc2 c5 5. dxc5 0-0 6. a3 Bxc5 7. e3 d5 8. Nf3 b6 9. b4 Be7 10. Bd3 dxc4 11. Bxc4 Bb7 12. Bb2 Nbd7 13. Rd1 a6 14. 0-0 Qc7 15. Qe2 Rfd8 16. h3 Bxf3 17. gxf3 Ne5 18. Bb3 Qc6 19. Kg2 Ng6 20. Kg1 Nh4 21. e4 Nh5 22. f4 Nxf4 23. Qg4 Nhg6 24. Rc1 Qb7 25. Bc2 h5 26. Qf3 Rac8 27. Ne2 Nxe2+ 28. Qxe2 Bg5 29. Qxh5 Bxc1 30. Rxc1 Rd2 0-1

[Event "Prague Summer op-B 10th"]
[Site "Prague"]
[Date "2023.08.05"]
[Round "2"]
[White "Svetly, Jiri"]
[Black "Bondarenko, Vova"]
[Result "0-1"]
[WhiteElo "1850"]
[BlackElo "1545"]
[PlyCount "76"]
[EventDate "2023.08.04"]
[EventType "swiss"]
[EventRounds "9"]
[EventCountry "CZE"]
[SourceTitle "EXT 2024"]
[Source "ChessBase"]
[SourceDate "2023.10.10"]
[SourceVersion "1"]
[SourceVersionDate "2023.10.10"]
[SourceQuality "1"]

1. d4 Nf6 2. c4 g6 3. Nc3 d6 4. e4 b6 5. Bg5 Nbd7 6. f4 Bb7 7. Bd3 Bg7 8. Nf3 c5 9. d5 h6 10. Bh4 0-0 11. 0-0 a6 12. h3 Qc7 13. a4 Rac8 14. Re1 Nh7 15. g4 e5 16. dxe6 fxe6 17. Bg3 e5 18. fxe5 Nxe5 19. Nxe5 Bxe5 20. Bxe5 dxe5 21. Qd2 Ng5 22. Be2 Nxh3+ 23. Kh2 Nf4 24. Bf3 Qe7 25. Kg3 Qg5 26. Qe3 h5 27. Nd5 Ba8 28. Rg1 hxg4 29. Bh1 Nh5+ 30. Kg2 Qh4 31. Rgf1 g3 32. Rxf8+ Rxf8 33. Ne7+ Kh7 34. Nf5 gxf5 35. Kf1 Qxh1+ 36. Ke2 Qxa1 37. Qg5 Qxb2+ 38. Kd3 fxe4+ 0-1

[Event "Ricany op 20th"]
[Site "Ricany"]
[Date "2022.09.03"]
[Round "9"]
[White "Steiner, Juraj"]
[Black "Svetly, Jiri"]
[Result "0-1"]
[WhiteElo "2005"]
[BlackElo "1825"]
[PlyCount "75"]
[EventDate "2022.08.27"]
[EventType "swiss"]
[EventRounds "9"]
[EventCountry "CZE"]
[SourceTitle "CBM 210 Extra"]
[Source "ChessBase"]
[SourceDate "2022.11.30"]
[SourceVersion "1"]
[SourceVersionDate "2022.11.30"]
[SourceQuality "1"]

1. d4 Nf6 2. c4 g6 3. Nc3 Bg7 4. e4 d6 5. Be2 0-0 6. Be3 e5 7. d5 Nbd7 8. g4 Nc5 9. Bf3 a5 10. g5 Ne8 11. h4 f5 12. Qe2 a4 13. Rd1 b6 14. Bg2 Bd7 15. Nf3 fxe4 16. Nd2 Nd3+ 17. Kf1 Nxb2 18. Rb1 Nd3 19. Bxe4 Nf4 20. Qd1 Bh3+ 21. Ke1 Qd7 22. Rg1 Bf5 23. Qc2 Bh8 24. Nf3 Ng7 25. Kd2 Qf7 26. Bxf4 Bxe4 27. Qxe4 Qxf4+ 28. Qxf4 Rxf4 29. Ne1 Rxf2+ 30. Ke3 Rh2 31. Nf3 Nf5+ 32. Ke4 Rh3 33. Rg4 Rf8 34. Rbg1 Nxh4 35. Rxh4 Rfxf3 36. Rxh3 Rxh3 37. Nb5 Rh4+ 38. Ke3 0-1

[Event "Prague Summer op-B 9th"]
[Site "Prague"]
[Date "2022.08.07"]
[Round "3"]
[White "Panda, Gyorgy"]
[Black "Svetly, Jiri"]
[Result "1/2-1/2"]
[WhiteElo "1627"]
[BlackElo "1825"]
[PlyCount "107"]
[EventDate "2022.08.05"]
[EventType "swiss"]
[EventRounds "9"]
[EventCountry "CZE"]
[SourceTitle "EXT 2023"]
[Source "ChessBase"]
[SourceDate "2022.10.05"]
[SourceVersion "1"]
[SourceVersionDate "2022.10.05"]
[SourceQuality "1"]

1. d4 Nf6 2. c4 g6 3. Nc3 Bg7 4. e4 d6 5. Be2 0-0 6. Nf3 e5 7. 0-0 exd4 8. Nxd4 Re8 9. f3 Nc6 10. Be3 a5 11. a3 Nxd4 12. Bxd4 c6 13. Rb1 Qc7 14. b4 axb4 15. axb4 Be6 16. Rc1 Nd7 17. Bxg7 Kxg7 18. Qd4+ Kg8 19. Nd5 Qd8 20. Nf4 Qb6 21. Nxe6 Rxe6 22. c5 dxc5 23. bxc5 Qc7 24. Bc4 Re7 25. f4 b5 26. Bb3 Ra3 27. Rc3 Qa5 28. Rcf3 Qa7 29. Rc1 Qa5 30. Rfc3 Ra1 31. e5 Rxc1+ 32. Rxc1 Nf8 33. Ra1 Qc7 34. Qd6 Qb7 35. Qd8 Qd7 36. Ra8 Qxd8 37. Rxd8 Rc7 38. e6 fxe6 39. Bxe6+ Kg7 40. Bg4 Kf7 41. Rd6 Ke7 42. Bf3 Ne6 43. Rxc6 Rxc6 44. Bxc6 b4 45. Kf2 Nxc5 46. Ke3 b3 47. Kd2 Kd6 48. Bf3 Ne6 49. g3 g5 50. fxg5 Nxg5 51. Bg2 Ne6 52. Kc3 Nc5 53. Bf3 Ke5 54. Bc6 1/2-1/2

[Event "Prague Summer op-B 9th"]
[Site "Prague"]
[Date "2022.08.07"]
[Round "4"]
[White "Svetly, Jiri"]
[Black "Beetz, Ole"]
[Result "1/2-1/2"]
[WhiteElo "1825"]
[BlackElo "1567"]
[PlyCount "28"]
[EventDate "2022.08.05"]
[EventType "swiss"]
[EventRounds "9"]
[EventCountry "CZE"]
[SourceTitle "EXT 2023"]
[Source "ChessBase"]
[SourceDate "2022.10.05"]
[SourceVersion "1"]
[SourceVersionDate "2022.10.05"]
[SourceQuality "1"]

1. d4 Nf6 2. c4 e6 3. Nc3 Bb4 4. Qc2 0-0 5. e4 d5 6. e5 Ne4 7. Bd3 c5 8. cxd5 exd5 9. Nf3 cxd4 10. Nxd4 Nd7 11. 0-0 Bxc3 12. bxc3 Nxe5 13. Bxe4 dxe4 14. Qxe4 Re8 1/2-1/2

[Event "Prague Summer op-B 9th"]
[Site "Prague"]
[Date "2022.08.06"]
[Round "2"]
[White "Svetly, Jiri"]
[Black "Trefilik, Jiri"]
[Result "1-0"]
[WhiteElo "1825"]
[BlackElo "1549"]
[PlyCount "37"]
[EventDate "2022.08.05"]
[EventType "swiss"]
[EventRounds "9"]
[EventCountry "CZE"]
[SourceTitle "EXT 2023"]
[Source "ChessBase"]
[SourceDate "2022.10.05"]
[SourceVersion "1"]
[SourceVersionDate "2022.10.05"]
[SourceQuality "1"]

1. d4 f5 2. c4 Nf6 3. Nf3 g6 4. g3 Bg7 5. Nc3 d6 6. Bg2 0-0 7. 0-0 c6 8. Qc2 Qe8 9. b3 h6 10. Ba3 Qd8 11. Rad1 Re8 12. Nh4 Kh7 13. e4 Qa5 14. Bb2 g5 15. Nxf5 Bxf5 16. exf5 e5 17. fxe6+ Kg8 18. d5 cxd5 19. Nxd5 1-0

[Event "Prague op-B 20th"]
[Site "Prague"]
[Date "2022.01.11"]
[Round "6"]
[White "Jaeger, Andre"]
[Black "Svetly, Jiri"]
[Result "1/2-1/2"]
[WhiteElo "1889"]
[BlackElo "1800"]
[PlyCount "64"]
[EventDate "2022.01.07"]
[EventType "swiss"]
[EventRounds "9"]
[EventCountry "CZE"]
[SourceTitle "CBM 206 Extra"]
[Source "ChessBase"]
[SourceDate "2022.03.31"]
[SourceVersion "1"]
[SourceVersionDate "2022.03.31"]
[SourceQuality "1"]

1. d4 Nf6 2. c4 g6 3. g3 Bg7 4. Bg2 c6 5. e4 d6 6. Nc3 0-0 7. Nf3 e5 8. 0-0 Qc7 9. h3 exd4 10. Nxd4 a5 11. Be3 Nbd7 12. Rc1 Re8 13. Qc2 Nc5 14. b3 Bd7 15. Rfd1 Rad8 16. a3 Ne6 17. Nde2 h6 18. b4 axb4 19. axb4 b6 20. Qd2 Kh7 21. Qxd6 Qxd6 22. Rxd6 Bf8 23. Rdd1 Bxb4 24. Bxb6 Rb8 25. Be3 Ng5 26. h4 Nh3+ 27. Kh2 Ng4+ 28. Kxh3 Nxf2+ 29. Kh2 Nxd1 30. Rxd1 Bg4 31. Rf1 f5 32. Bf3 Bxf3 1/2-1/2

[Event "Prague Summer op-B 8th"]
[Site "Prague"]
[Date "2021.08.11"]
[Round "7"]
[White "Svetly, Jiri"]
[Black "Marinc, Damir"]
[Result "1/2-1/2"]
[WhiteElo "1852"]
[BlackElo "1887"]
[PlyCount "86"]
[EventDate "2021.08.06"]
[EventType "swiss"]
[EventRounds "9"]
[EventCountry "CZE"]
[SourceTitle "EXT 2022"]
[Source "ChessBase"]
[SourceDate "2021.10.06"]
[SourceVersion "1"]
[SourceVersionDate "2021.10.06"]
[SourceQuality "1"]

1. d4 d5 2. c4 e6 3. Nc3 Nf6 4. Bg5 Be7 5. e3 0-0 6. Nf3 c6 7. Qc2 Nbd7 8. Bd3 h6 9. h4 dxc4 10. Bxc4 Nd5 11. Bxe7 Qxe7 12. g4 b5 13. Bb3 Nxc3 14. bxc3 c5 15. Qe2 Bb7 16. g5 Kh8 17. Rg1 c4 18. Bc2 e5 19. gxh6 gxh6 20. Bf5 exd4 21. Nxd4 Nf6 22. Nxb5 Rg8 23. 0-0-0 Qc5 24. Nd4 Be4 25. Bxe4 Nxe4 26. Qb2 Rgb8 27. Nb3 cxb3 28. c4+ f6 29. axb3 Qe5 30. Rd4 Nc5 31. b4 Ne6 32. Rd2 Qxb2+ 33. Rxb2 Rg8 34. Rxg8+ Kxg8 35. Kd2 Kf7 36. f4 Rc8 37. Kd3 f5 38. Ra2 Rc7 39. Ra6 Ke7 40. c5 Rxc5 41. Rxa7+ Rc7 42. Ra6 Kd7 43. h5 Rc6 1/2-1/2

[Event "Prague Summer op-B 8th"]
[Site "Prague"]
[Date "2021.08.10"]
[Round "6"]
[White "Pejrimovsky, Tadeas Rubel"]
[Black "Svetly, Jiri"]
[Result "0-1"]
[WhiteElo "1532"]
[BlackElo "1852"]
[PlyCount "76"]
[EventDate "2021.08.06"]
[EventType "swiss"]
[EventRounds "9"]
[EventCountry "CZE"]
[SourceTitle "EXT 2022"]
[Source "ChessBase"]
[SourceDate "2021.10.06"]
[SourceVersion "1"]
[SourceVersionDate "2021.10.06"]
[SourceQuality "1"]

1. e4 d6 2. d4 Nf6 3. Nc3 g6 4. Nf3 Bg7 5. h3 0-0 6. Bd3 Nc6 7. 0-0 e5 8. Be3 exd4 9. Nxd4 Re8 10. a3 d5 11. exd5 Nxd5 12. Nxd5 Nxd4 13. Nc3 c6 14. Re1 Be6 15. Ne4 Bd5 16. Nc3 Be6 17. Ne4 Nf5 18. Bg5 f6 19. Bf4 Bd5 20. Nc5 b6 21. Nb7 Qd7 22. Bxf5 Qxb7 23. Bd3 c5 24. Bf1 f5 25. c4 Be4 26. Qb3 h6 27. Rad1 g5 28. Bh2 Bd4 29. Rd2 Re7 30. Kh1 Bxg2+ 31. Bxg2 Rxe1+ 32. Bg1 Qc8 33. Rxd4 cxd4 34. c5+ Kg7 35. Qd5 bxc5 36. Qxa8 Qxa8 37. Bxa8 d3 38. Bf3 d2 0-1

[Event "Prague Summer op-B 8th"]
[Site "Prague"]
[Date "2021.08.08"]
[Round "4"]
[White "Svetly, Jiri"]
[Black "Guggenheim, Hans Wolfgang"]
[Result "1-0"]
[WhiteElo "1852"]
[BlackElo "1866"]
[PlyCount "69"]
[EventDate "2021.08.06"]
[EventType "swiss"]
[EventRounds "9"]
[EventCountry "CZE"]
[SourceTitle "EXT 2022"]
[Source "ChessBase"]
[SourceDate "2021.10.06"]
[SourceVersion "1"]
[SourceVersionDate "2021.10.06"]
[SourceQuality "1"]

1. d4 d5 2. c4 c6 3. Nc3 Nf6 4. Nf3 a6 5. c5 b5 6. cxb6 Qxb6 7. Na4 Qc7 8. g3 Ne4 9. Bg2 Bf5 10. 0-0 Nd7 11. Bf4 Qb7 12. Nh4 Be6 13. f3 Nd6 14. e4 h6 15. exd5 Bxd5 16. Bxd6 exd6 17. Re1+ Kd8 18. Nc3 g6 19. Nxd5 cxd5 20. Qe2 Nf6 21. Rac1 Bg7 22. Qd2 Qb6 23. Bh3 Re8 24. Kh1 Rxe1+ 25. Rxe1 Ra7 26. Ng2 Rb7 27. b3 Qb4 28. Qe3 Rc7 29. Nf4 Ra7 30. Nxd5 Nxd5 31. Qe8+ Kc7 32. Rc1+ Kb6 33. Qc6+ Ka5 34. Qxd5+ Qb5 35. b4+ 1-0

[Event "Prague Golden op"]
[Site "Prague"]
[Date "2021.07.10"]
[Round "1"]
[White "Svetly, Jiri"]
[Black "Hajiyev, Kanan"]
[Result "1/2-1/2"]
[WhiteElo "1833"]
[BlackElo "2118"]
[PlyCount "126"]
[EventDate "2021.07.10"]
[EventType "swiss"]
[EventRounds "9"]
[EventCountry "CZE"]
[SourceTitle "CBM 203 Extra"]
[Source "ChessBase"]
[SourceDate "2021.09.30"]
[SourceVersion "1"]
[SourceVersionDate "2021.09.30"]
[SourceQuality "1"]

1. d4 d5 2. c4 c6 3. Nc3 Nf6 4. Nf3 g6 5. Bg5 Ne4 6. Bh4 Bg7 7. e3 0-0 8. Bd3 Bf5 9. 0-0 Nxc3 10. bxc3 Bxd3 11. Qxd3 Nd7 12. Rfb1 b6 13. a4 Re8 14. cxd5 cxd5 15. Rb5 Nf6 16. Ne5 Rc8 17. f3 Qc7 18. Ra3 Nd7 19. f4 e6 20. a5 Qd6 21. Rbb3 Bxe5 22. fxe5 Qc6 23. axb6 axb6 24. Ra7 Ra8 25. Rba3 Rxa7 26. Rxa7 Rc8 27. Be7 Kg7 28. Bb4 Rc7 29. Rxc7 Qxc7 30. e4 Qc6 31. exd5 Qxd5 32. Qf3 f6 33. exf6+ Nxf6 34. Qf4 Qf5 35. Qc7+ Kh6 36. h3 Nd5 37. Qd6 Qf4 38. Qxf4+ Nxf4 39. Kf2 b5 40. Kf3 g5 41. h4 Nd5 42. Ke4 gxh4 43. Ke5 Kg5 44. Kxe6 Nf4+ 45. Ke5 Nxg2 46. d5 h3 47. d6 h2 48. d7 h1Q 49. d8Q+ Kg4 50. Qg8+ Kh3 51. Qxh7+ Nh4 52. Qd7+ Kg3 53. Qxb5 Nf3+ 54. Kd6 Qh6+ 55. Kc7 Qg7+ 56. Qd7 Qxd7+ 57. Kxd7 Nd2 58. Kc6 Kf3 59. Kb5 Ke4 60. Ba5 Kd3 61. Kb4 Nc4 62. Bc7 Ne3 63. Bd8 Nd5+ 1/2-1/2

[Event "Ricany op"]
[Site "Ricany"]
[Date "2020.08.26"]
[Round "6"]
[White "Svetly, Jiri"]
[Black "Harcuba, Adam"]
[Result "1-0"]
[WhiteElo "1835"]
[BlackElo "1637"]
[PlyCount "28"]
[EventDate "2020.08.22"]
[EventType "swiss"]
[EventRounds "9"]
[EventCountry "CZE"]
[SourceTitle "CBM 198 Extra"]
[Source "ChessBase"]
[SourceDate "2020.11.30"]
[SourceVersion "1"]
[SourceVersionDate "2020.11.30"]
[SourceQuality "1"]

1. d4 Nf6 2. c4 g6 3. Nc3 d5 4. cxd5 Nxd5 5. Bd2 Bg7 6. e4 Nxc3 7. Bxc3 0-0 8. f4 e6 9. Nf3 c5 10. Qd2 cxd4 11. Bxd4 b6 12. Bxg7 Kxg7 13. Rc1 Bb7 14. Ne5 Nd7 1-0

[Event "Hradec Kralove op 10th"]
[Site "Hradec Kralove"]
[Date "2019.10.29"]
[Round "5"]
[White "Macho, Miloslav"]
[Black "Svetly, Jiri"]
[Result "1-0"]
[WhiteElo "1645"]
[BlackElo "1912"]
[PlyCount "101"]
[EventDate "2019.10.26"]
[EventType "swiss"]
[EventRounds "9"]
[EventCountry "CZE"]
[SourceTitle "CBM 193 Extra"]
[Source "ChessBase"]
[SourceDate "2020.01.31"]
[SourceVersion "1"]
[SourceVersionDate "2020.01.31"]
[SourceQuality "1"]

1. e4 d6 2. Nc3 c5 3. g3 g6 4. Bg2 Nc6 5. Nf3 Bg7 6. d3 e5 7. Bg5 f6 8. Bd2 Bg4 9. Qc1 Nge7 10. Bh6 0-0 11. Bxg7 Kxg7 12. 0-0 Bxf3 13. Bxf3 Nd4 14. Bg2 b5 15. Qd2 a5 16. Ne2 Qb6 17. c3 Nxe2+ 18. Qxe2 b4 19. Bh3 bxc3 20. bxc3 Rfb8 21. Rfc1 a4 22. Be6 Ra7 23. Rc2 Rab7 24. Kg2 Qa5 25. Bc4 Rb6 26. Rf1 Qa8 27. Kh3 Qb7 28. f4 Nc6 29. Bd5 Qd7+ 30. Kg2 a3 31. Bb3 Na5 32. fxe5 dxe5 33. Qf2 Nxb3 34. axb3 Qxd3 35. Ra2 Qxe4+ 36. Kh3 Qc6 37. Rxa3 Rxb3 38. Ra7+ R8b7 39. Rxb7+ Rxb7 40. Ra1 Qe6+ 41. Kg2 Qd5+ 42. Kh3 f5 43. Ra5 Rc7 44. Qb2 g5 45. Qb6 g4+ 46. Kh4 Qd8+ 47. Kh5 Qe8+ 48. Kg5 Qe7+ 49. Kxf5 h6 50. Qg6+ Kh8 51. Ra8+ 1-0